000 00606nam a2200145Ia 4500
008 100204s9999 xx 000 0 und d
082 _b24082
245 _aमहाकवि कालिदास विरचित मेघदूत
260 _bकॉन्टिनेन्टल प्रकाशन पुणे
_c1999
300 _a50
630 _aमहाकवि कालिदास विरचित मेघदूत
700 _aओझरकर गोविंद
730 _aमहाकवि कालिदास विरचित मेघदूत
942 _cBOOK
999 _c469263
_d469260